Statistics for Asian Countries with the Highest Percentage of Christians

Click here to take the quiz!

General Stats

  • This quiz has been taken 1,149 times
    (351 since last reset)
  • The average score is 8 of 10

Answer Stats

%Country#% Correct
92.5Philippines93.4 mil
96%
98.7Armenia3.3 mil
92%
88.6Georgia4.1 mil
91%
29.2South Korea14.4 mil
84%
28.7Kazakhstan4.1 mil
83%
41Lebanon1.8 mil
76%
98East Timor1.1 mil
74%
18.8Singapore1.1 mil
71%
79.3Cyprus0.6 mil
60%
18.7Kuwait0.8 mil
29%

Score Distribution

Percentile by Number Answered

Percent of People with Each Score

Your Score History

You have not taken this quiz since the last reset